000 00415nam a2200157Ia 4500
999 _c11872
_d11872
003 OSt
005 20201005123041.0
008 190216s9999||||xx |||||||||||||| ||und||
040 _coclc
082 _a823
_bDAL/M
100 _aDalal, Nergis
_94782
245 0 _aMinari /
_cDalal Nergis
260 _bPearl Pub,
_c1978.
_aBombay:
300 _a236p
942 _cBK
_2ddc
_h823
_iDAL/M
_k823
_mDAL/M